Sociologie pro novináře

Salvato in:
Dettagli Bibliografici
Autore principale: Filipec, J.
Natura: Libro
Lingua:ceco
Pubblicazione: Praha Novinář 1987
Edizione:1. vyd.
Serie:Knihovnička novináře Sv.41
Tags: Aggiungi Tag
Nessun Tag, puoi essere il primo ad aggiungerne!!

MARC

LEADER 00000nam a2200000 4500
001 c028484
005 20221219103418.0
041 0 |a cze 
044 |a CZ 
245 1 0 |a Sociologie pro novináře  |c J. Filipec a kol. 
250 |a 1. vyd. 
264 1 |a Praha  |b Novinář  |c 1987 
300 |a 166 s. 
490 1 |a Knihovnička novináře  |v Sv.41 
830 0 |a Knihovnička novináře  |v Sv.41 
100 1 |a Filipec, J.